000 00299nam a22001337a 4500
041 _aENG
100 _aValmayor.R.V
245 _aFood Orocessing By Rural Families
260 _aDelhi
_bFood And Fertlizer
_c1986
300 _a242
650 _aAPE (02)
700 _aJuang.T.C
856 _uAPE (02)
999 _c2877
_d2877